I love you in different languages - Statistics

General Stats
  • This quiz has been taken 664 times
  • The average score is 13 of 20
Answer Stats
Hint Language % Correct
Je t'aime French
96%
Ich liebe dich German
95%
Te amo Spanish
95%
Eu te amo Portuguese
89%
Aishiteru Japanese
84%
Ya tebya lyublyu Russian
82%
Wo ai ni Chinese
80%
Ik hou van jou Dutch
71%
Aloha wau ia 'oe Hawaiian
68%
Jeg elsker dig Danish
65%
S'agapo Greek
57%
Te iubesc Romanian
55%
Seni seviyorum Turkish
55%
Szeretlek te'ged Hungarian
51%
Miluji te Czech
48%
Volim te Serbian
47%
Obicham te Bulgarian
37%
Tora dost daram Persian
31%
Naku penda Swahili
31%
Te sakam Macedonian
19%
No matching quizzes found
Score Distribution
Percent of People with Each Score
Percentile by Number Answered
Your Score History
You have not taken this quiz